| 000 | 00348nam a2200121Ia 4500 | ||
|---|---|---|---|
| 008 | 210430s9999 xx 000 0 und d | ||
| 082 | _a620.11 F6731 C | ||
| 100 |
_aMars G. Fontana _953814 |
||
| 245 |
_aCorrosion Engineering 3rd ed _cMars G. Fontana |
||
| 260 |
_aNew York _bMcGraw Hill Book Company _c1986 |
||
| 300 | _a556p. | ||
| 942 |
_cBK _2ddc |
||
| 999 |
_c564142 _d564142 |
||